000 00417nam a2200181Ia 4500
001 2946
005 20260306144844.0
008 260306t1993||||xx |||||||||||||| ||spa||
041 _aESP
082 _a234.165
_bJ81
100 _aJuan Pablo II, Papa
_eAUT
245 0 _aEl taller del orfebre
260 _c1993
300 _a101 páginas :
_c20 cm.
650 _aGEN
654 _aCHU
942 _cLIB
_dJUS
_fJUS
_2ddc
_n
999 _c2946
_d2946